Modelovanie rozhodovania ekonomických subjektov prístupy a aplikácie

Guardado en:
Detalles Bibliográficos
Autor principal: Lejková, Zuzana
Autor Corporativo: Ekonomická univerzita v Bratislave
Otros Autores: Výrost, Tomáš, 1978-, Vasilová, Michaela, Bačo, Tomáš, 1981-, Meteňko, Anton, Gazda, Vladimír, Lyócsa, Štefan, 1982-, Šebo, Dušan, Lieskovská, Vanda, 1961-
Formato: Libro
Lenguaje:eslovaco
Publicado: Košice elfa 2009
Materias:
Etiquetas: Agregar Etiqueta
Sin Etiquetas, Sea el primero en etiquetar este registro!

MARC

LEADER 00000nam$a2200000$$$4500
001 0104821
005 20240502072142.5
020 |a 978-80-8086-102-5 
041 0 |a slo 
044 |a SK 
245 1 0 |a Modelovanie rozhodovania ekonomických subjektov  |b prístupy a aplikácie  |c Tomáš Výrost, Zuzana Lejková editori 
264 1 |a Košice  |b elfa  |c 2009 
300 |a 195 s. [10,95 AH] 
610 2 0 |a modelovanie matematické 
610 2 0 |a modelovanie ekonometrické 
610 2 0 |a modely rozhodovania 
610 2 0 |a teória rozhodovania 
610 2 0 |a riadenie strategické 
610 2 0 |a spotrebitelia 
610 2 0 |a situácia sociálna 
610 2 0 |a teória hier 
100 1 |a Lejková, Zuzana 
700 1 |a Výrost, Tomáš, 1978- 
700 1 |a Vasilová, Michaela 
700 1 |a Bačo, Tomáš, 1981- 
700 1 |a Meteňko, Anton 
700 1 |a Gazda, Vladimír 
700 1 |a Lyócsa, Štefan, 1982- 
700 1 |a Výrost, Tomáš, 1978- 
700 1 |a Lejková, Zuzana 
700 1 |a Šebo, Dušan 
700 1 |a Lieskovská, Vanda, 1961- 
710 2 |a Ekonomická univerzita v Bratislave